000 00739nam a2200241 a 4500
001 BRCA_2643
005 20190320203914.0
008 011208s1930----fr-a---###---#000-0#fre-#
041 _afre
044 _afr
050 4 _aNE670
_b.G63 1930
100 1 _aGodefroy, Louis
_97519
245 1 0 _aL´Oeuvre Gravé de Adriaen van Ostade
_cLouis Godefroy.
260 _aParís
_bL. Godefroy
_c1930
300 _a1 v. (en varias paginaciones)
_bil.
_c33 cm.
440 0 _aMonographres de peintres graveurs ilustres
_97520
500 _aIncluye índice analítico, alfabético y cronología
500 _aA94
600 1 4 _aOstade, Adriaen van
_d1610-1685
_97365
650 1 4 _aAguafuertistas holandeses
_97521
902 _aGFM
942 _2lcc
_cB
999 _c2383
_d2383